000 00243nam a2200097Ia 4500
008 190216s9999||||xx |||||||||||||| ||und||
100 _aPiskumow
245 0 _aDifferential And Integral Calculus-Volume-2
260 _bMir Publishers
942 _cBK
999 _c30687
_d30687